Ultimate Ultimate How to train your Dragon quiz - Statistics

General Stats
  • This quiz has been taken 287 times
  • The average score is 28 of 65
Answer Stats
Question Answer % Correct
What type of dragon eats rocks and spews lava? A Gronckle
90%
What was the first dragon that the Dragon Riders fought during dragon training? A Gronckle
90%
What species is it? ^ A Gronckle
90%
What type of dragon never misses its shots? A Night Fury
88%
What type of dragon erupts a roar that can deafen a human? A Thunderdrum
86%
What type of dragon can shoot spines from its tail and has a magnesium blast? A Deadly Nadder
81%
What type of dragon has a tail that can cut through almost anything? A Razorwhip
78%
What type of dragon can turn invisible and can spit acid? A Changewing
77%
What type of dragon can breathe ice and is the king of dragons? The Bewilderbeast
77%
What type of dragon has rotating teeth? The Whispering Death
74%
What was the last dragon that Hiccup fought during dragon training? Hookfang/Monstrous Nightmare
73%
What type of dragon uses metal instead of scales as protection? The Armorwing
73%
What type of dragon can emit fire from its mouth, belly, and tail? A Singetail
72%
What type of dragon can lure prey to it by using a special call? The Deathsong
69%
What type of dragon breathes scalding hot water? A Scauldron
68%
What type of dragon has two heads and swims under water? A Seashocker
67%
What type of dragon has three tails that can combine into one? A Triple Stryke
66%
What is the object that allows the user to see dragon classes? The Dragon Eye
66%
What type of dragon has webbed feet that enables it to walk over water and cannot fly? A Speed Stinger
65%
Who freed Toothless when Toothless was trapped underwater? Stoick
64%
What type of dragon did the Dragon Riders fight at the end of the first movie? The Red Death
64%
What type of dragon can freeze people with its breath and eats gel? The Flightmare
60%
What type of dragon lives on Glacier Island? The Snow Wraith
57%
What type of dragons threatened to burn the Edge during Tuffnut and Ruffnut's "rule"? Fireworms
53%
What type of dragons fly together in formation to form one huge dragon? Night Terrors
51%
What is the name of the team that Astrid trained? The A Team
51%
Who is the Dragon Rider's spy within the Dragon Hunters? Heather
49%
What type of dragon lives on Dark Deep (other than gronckles)? The Catastrophic Quaken
49%
What type of dragon can't use its blast when it is in water? The Skrill
49%
What was the name of Stoick's dragon before Skullcrusher? Thornado
47%
What did Fishlegs call himself after he got hypnotized? Thor Bonecrusher
44%
Who saved Hiccup and Toothless when Toothless got shot by a dragon root arrow? Dagur
41%
Which dragon (part of the Dragon Riders) was captured by Ryker Grimborn in Night of the Hunters, Part 1? Stormfly
39%
What type of dragon is blind and guards the resting place of the dragons? The Sentinels
38%
What does Hiccup and Snotlout use to defend their dragons against the Dragon Hunters dragon root arrows? Screaming Death scales
36%
What is the name of the leader of the island? Mala
33%
What is the name of the group of women that fly with baby razorwhips on their backs? The Wing Maidens
33%
What is the name of the leader of the Dragon Hunters? Viggo Grimborn
33%
What island did Dagur escape from where he was inprisoned? Outcast Island
31%
What is the name of Ruffnut and Tuffnut's cousin? Gruffnut
30%
What is the name of the dragon that protects the island? ^ The Eruptodon
29%
What dragon was used in the above answer? The Shellfire
26%
What kind of sea creature (not a dragon) scares dragons? Eels
25%
What is the name of Dagur's first dragon? Shattermaster
25%
Who captured Hiccup in Midnight Scrum? Krogan
23%
What type of dragon was after the Fireworm Queen's eggs? The Cavern Crasher
23%
What dragon is the natural enemy of the above answer? The Submaripper
23%
How did the Dragon Hunters control the Catastrophic Quakens? Vibrations
22%
After Hiccup's meeting with Viggo about a truce, which island do they discover? Defenders of the Wing island
21%
How does Toothless lose half of his tail? Hiccup shot him
21%
What was the name of the project Viggo and Ryker were working on that involved a dragon? Project Shell Fire
17%
What is the name of the Beserker who tried to usurp Dagur's reign? Savage
17%
Which side of Viggo's face was burned when he fell into the volcano? The left side
17%
What do the Dragon Riders, Valka, and Gobber use to fly back to Berk? Baby dragons
15%
What did Hiccup name the island that they found first in How to train Your Dragon 2? Itchy Armpit
15%
What type of dragon can turn invisible and emit various kinds of dragon blasts? The Titanwing Dramillion
15%
Who helped Hiccup uncover Singetail behaviors that could help him defeat the Flyers? Spitelout
14%
What does Hiccup start building in secret? The Dragon Eye 2
12%
What type of dragons attacked Garf when the Dragon Riders were relocating him? Slitherwings
10%
What was the name of the Razorwhip that bonded with Ruffnut? Wingnut
10%
What is the name of tests Snotlout goes through to become the king of Defender's of the Wing Island The Trials
8%
Which arm did Drago Bludvist lose? His left arm
4%
How does Stoick die? Toothless shoots him
2%
What do the Dragon Riders need to unlock the King of Dragons? Five different dragon class lenses
1%
What type of dragons were shown in the first scene with Hiccup and Toothless? Timberjacks and Thunderdrums
1%
No matching quizzes found
Score Distribution
Percent of People with Each Score
Percentile by Number Answered
Your Score History
You have not taken this quiz